meilleurs marqueurs NBA en playoffs - Statistiques

Statistiques générales
  • Ce quiz a été pris 527 fois
  • Le résultat moyen est 15 sur 20
Statistiques - réponses
Hint Réponse Points % Correct
1 Lebron James 8.023
100%
2 Michael Jordan 5.987
99%
13 Stephen Curry 3.806
95%
4 Kobe Bryant 5.640
94%
7 Kevin Durant 4.877
88%
3 Kareem Abdul-Jabbar 5.762
87%
5 Shaquille O'Neal 5.250
86%
6 Tim Duncan 5.172
84%
12 Larry Bird 3.897
78%
20 Wilt Chamberlain 3.607
77%
9 Jerry West 4.457
76%
8 Karl Malone 4.761
75%
10 Tony Parker 4.045
71%
16 Magic Johnson 3.701
69%
11 Dwayne Wade 3.954
67%
18 Scottie Pippen 3.642
64%
15 Hakeem Olajuwon 3.755
61%
17 Dirk Nowitzki 3.663
60%
19 Elgin Baylor 3.623
34%
14 John Havlicek 3.776
30%
Aucun quiz correspondant
Distribution des résultats
% des personnes avec chaque résultat
Percentile par nombre de réponses
Votre historique - résultats
Vous n’avez pas pris ce quiz